000 07978cam a22010934i 4500
003 PE-LiUPU
005 20250731184554.0
008 150625s2006 pe a rb 000 0 spa d
020 _a9972285952
020 _a997228591X
035 _a(Sirsi) i9789972285950
040 _aPE-LiUPU
_bspa
_cPE-LiUPU
_erda
049 _aPRUA
082 0 4 _a869.5
_bV18T
_221
082 0 4 _a869.508
_bV18 2006
_221
082 0 4 _a869.508
_bV18 2006
100 1 _aValcárcel, Luis E.,
_eautor.
245 1 0 _aTempestad en los Andes /
_cLuis E. Valcárcel.
264 1 _aLima :
_bEditora Universitaria Latina,
_c2006.
300 _a154 páginas ;
_c21 cm.
336 _atext
_2rdacontent
337 _aunmediated
_2rdamedia
338 _avolume
_2rdacarrier
490 0 _aColección Autores Peruanos
504 _aIncluye bibliografía virtual.
505 0 _aTempestad en los Andes -- Detrás de las montañas -- La sierra trágica -- Los nuevos indios -- Ideario -- El problema indígena -- ¡Arriba los indios! -- La acción adventista.
526 _aP136
526 _aP135
526 _aP134
526 _aP133
526 _aP144
526 _aP143
526 _aP87
526 _aP35
526 _aP20
526 _aP14
526 _aP10
526 _aP06
650 0 4 _aIndios de la región andina
_xVida social y costumbres
_zPerú.
910 _aBUL
_bhf
_cigqhf
_d20160427
_e
910 _tqv
_d20171011
910 _cjcv
_d20171204
942 _2ddc
_cBOOK
949 _a869.5 V18T
_wDEWEY
_c1
_i36146
_lCCODEBUL1
_mBUL
_r0
_sY
_tBOOK
_u2015-6-25
_xBIBLIOTECA
_zUNKNOWN
_0COMPRA
_o.STAFF. Colección General
949 _a980.51 V17
_wDEWEY
_c1
_i66466
_lCCODEBUL1
_mBUL
_p12.00
_r0
_sY
_tBOOK
_u2015-6-25
_xBIBLIOTECA
_zUNKNOWN
_0COMPRA
_o.STAFF. Colección General
949 _a980.51 V17
_wDEWEY
_c2
_i72879
_lCCODEBUL1
_mBUL
_p12.00
_r0
_sY
_tBOOK
_u2016-4-27
_xBIBLIOTECA
_zUNKNOWN
_0COMPRA
_o.STAFF. Colección General
949 _a980.51 V17
_wDEWEY
_c3
_i72878
_lCCODEBUL1
_mBUL
_p12.00
_r0
_sY
_tBOOK
_u2016-4-27
_xBIBLIOTECA
_zUNKNOWN
_0COMPRA
_o.STAFF. Colección General
949 _a869.508 V18 2006
_wDEWEY
_c1
_iFT02089
_lCCODEBUL1
_mBUT
_p{Dolar}10.00
_r0
_sY
_tBOOK
_u2016-4-27
_xBIBLIOTECA
_zUNKNOWN
_0COMPRA
_o.STAFF. Colección General Tarapoto
949 _a869.508 V18 2006
_wDEWEY
_c2
_iFT02086
_lCCODEBUL1
_mBUT
_p{Dolar}10.00
_r0
_sY
_tBOOK
_u2016-4-27
_xBIBLIOTECA
_zUNKNOWN
_0COMPRA
_o.STAFF. Colección General Tarapoto
949 _a869.508 V18 2006
_wDEWEY
_c3
_iFT02087
_lCCODEBUL1
_mBUT
_p{Dolar}10.00
_r0
_sY
_tBOOK
_u2016-4-27
_xBIBLIOTECA
_zUNKNOWN
_0COMPRA
_o.STAFF. Colección General Tarapoto
949 _a869.508 V18 2006
_wDEWEY
_c4
_iFT02088
_lCCODEBUL1
_mBUT
_p{Dolar}10.00
_r0
_sY
_tBOOK
_u2016-4-27
_xBIBLIOTECA
_zUNKNOWN
_0COMPRA
_o.STAFF. Colección General Tarapoto
949 _a869.508 V18 2006
_wDEWEY
_c5
_iFT02078
_lCCODEBUL1
_mBUT
_p{Dolar}10.00
_r0
_sY
_tBOOK
_u2016-4-27
_xBIBLIOTECA
_zUNKNOWN
_0COMPRA
_o.STAFF. Colección General Tarapoto
949 _a869.508 V18 2006
_wDEWEY
_c3
_iFT02090
_lCCODEBUL1
_mBUT
_p{Dolar}10.00
_r0
_sY
_tBOOK
_u2016-4-27
_xBIBLIOTECA
_zUNKNOWN
_0COMPRA
_o.STAFF. Colección General Tarapoto
949 _a869.508 V18 2006
_wDEWEY
_c6
_iFT03415
_lCCODEBUL1
_mBUT
_p{Dolar}10.00
_r0
_sY
_tBOOK
_u2016-4-27
_xBIBLIOTECA
_zUNKNOWN
_0COMPRA
_o.STAFF. Colección General Tarapoto
949 _a869.508 V18 2006
_wDEWEY
_c7
_iFT03529
_lCCODEBUL1
_mBUT
_p{Dolar}10.00
_r0
_sY
_tBOOK
_u2016-4-27
_xBIBLIOTECA
_zUNKNOWN
_0COMPRA
_o.STAFF. Colección General Tarapoto
949 _a869.508 V18 2006
_wDEWEY
_c1
_iFJ08917
_lCCODEBUJ1
_mBUJ
_p10.00
_r0
_sY
_tBOOK
_u2017-10-11
_xEDUCACIÓN
_PP14
_0COMPRA
_o.STAFF. Colección General Juliaca
949 _a869.508 V18 2006
_wDEWEY
_c2
_iFJ08918
_lCCODEBUJ1
_mBUJ
_p10.00
_r0
_sY
_tBOOK
_u2017-10-11
_xEDUCACIÓN
_PP14
_0COMPRA
_o.STAFF. Colección General Juliaca
949 _a869.508 V18 2006
_wDEWEY
_c3
_iFJ08919
_lCCODEBUJ1
_mBUJ
_p10.00
_r0
_sY
_tBOOK
_u2017-10-11
_xEDUCACIÓN
_PP14
_0COMPRA
_o.STAFF. Colección General Juliaca
949 _a869.508 V18 2006
_wDewey
_c1
_iFT03415
_lCCODEBUT1
_mBUT
_n1
_p10.00
_sY
_tBOOK
_xBIBLIOTECA
_zUNKNOWN
_0DONACIÓN
_o.STAFF. Colección General
949 _a869.508 V18 2006
_wDEWEY
_c4
_iFJ12236
_lCCODEBUJ1
_mBUJ
_p12.00
_r0
_sY
_tBOOK
_u2019-01-09
_xEDUCACIÓN
_PP14
_0COMPRA
_o.STAFF. Colección General Juliaca
994 _aC0
_bPEPRU
596 _a1 2 3
999 _a869.5 V18T
_wDEWEY
_c45035
_i36146
_d45035
_e2017-6-11
_f2019-12-11
_g4
_lDISCARD
_mBUL
_n4
_q1
_r1
_sY
_tBOOK
_u2015-6-25
_xEDUCACION
_zUNKNOWN
_0COMPRA
_o.STAFF. Colección General
999 _a980.51 V17
_wDEWEY
_c1
_i66466
_d2018-3-18
_e2016-1-19
_f2021-11-9
_g4
_lCCODEBUL1
_mBUL
_n1
_p12.00
_q1
_r0
_sY
_tBOOK
_u2015-6-25
_xEDUCACION
_zUNKNOWN
_0COMPRA
_o.STAFF. Colección General
999 _a980.51 V17
_wDEWEY
_c2
_i72879
_f2021-11-9
_g5
_lCCODEBUL1
_mBUL
_p12.00
_r0
_sY
_tBOOK
_u2016-4-27
_xEDUCACION
_zUNKNOWN
_0COMPRA
999 _a980.51 V17
_wDEWEY
_c3
_i72878
_d2017-11-6
_e2017-10-31
_f2021-11-9
_g5
_lCCODEBUL1
_mBUL
_n2
_p12.00
_q4
_r0
_sY
_tBOOK
_u2016-4-27
_xEDUCACION
_zUNKNOWN
_0COMPRA
999 _a869.508 V18 2006
_wDEWEY
_c1
_iFT02089
_f2019-2-20
_g1
_lCCODEBUT1
_mBUT
_p10.00
_r0
_sY
_tBOOK
_u2016-2-10
_xBIBLIOTECA
_zUNKNOWN
_0DONACION
_o.STAFF. Colección General
999 _a869.508 V18 2006
_wDEWEY
_c2
_iFT02086
_f2019-2-20
_g1
_lCCODEBUT1
_mBUT
_p10.00
_r0
_sY
_tBOOK
_u2016-2-17
_xBIBLIOTECA
_zUNKNOWN
_0DONACION
_o.STAFF. Colección General
999 _a869.508 V18 2006
_wDEWEY
_c3
_iFT02088
_f2019-2-20
_g1
_lCCODEBUT1
_mBUT
_p10.00
_r0
_sY
_tBOOK
_u2016-2-17
_xBIBLIOTECA
_zUNKNOWN
_0DONACION
_o.STAFF. Colección General
999 _a869.508 V18 2006
_wDEWEY
_c4
_iFT02087
_d2022-4-19
_e2022-4-19
_f2019-2-20
_g1
_lCCODEBUT1
_mBUT
_n1
_p10.00
_r0
_sY
_tBOOK
_u2016-2-17
_xBIBLIOTECA
_zUNKNOWN
_0DONACION
_o.STAFF. Colección General
999 _a869.508 V18 2006
_wDEWEY
_c5
_iFT02090
_f2019-2-20
_g1
_lCCODEBUT1
_mBUT
_p10.00
_r0
_sY
_tBOOK
_u2016-2-17
_xBIBLIOTECA
_zUNKNOWN
_0DONACION
_o.STAFF. Colección General
999 _a869.508 V18 2006
_wDEWEY
_c6
_iFT02078
_f2019-2-20
_g1
_lCCODEBUT1
_mBUT
_p10.00
_r0
_sY
_tBOOK
_u2016-2-17
_xBIBLIOTECA
_zUNKNOWN
_0DONACION
_o.STAFF. Colección General
999 _a869.508 V18 2006
_wDEWEY
_c7
_iFT03415
_f2019-2-20
_g1
_lCCODEBUT1
_mBUT
_p10.00
_r0
_sY
_tBOOK
_u2017-12-4
_xUNKNOWN
_zUNKNOWN
_0DONACION
999 _a869.508 V18 2006
_wDEWEY
_c8
_iFT03529
_f2019-2-20
_g1
_lCCODEBUT1
_mBUT
_p10.00
_r0
_sY
_tBOOK
_u2018-5-21
_xBIBLIOTECA
_zUNKNOWN
_0DONACION
_o.STAFF. Coleccion general
999 _a869.508 V18 2006
_wDEWEY
_c1
_iFJ08917
_f2022-2-2
_g3
_lCCODEBUJ1
_mBUJ
_p10.00
_r0
_sY
_tBOOK
_u2017-10-11
_xEDUCACION
_PP14
_0COMPRA
_o.STAFF. Colección General Juliaca
999 _a869.508 V18 2006
_wDEWEY
_c2
_iFJ08918
_f2022-2-2
_g3
_lCCODEBUJ1
_mBUJ
_p10.00
_r0
_sY
_tBOOK
_u2017-10-11
_xEDUCACION
_PP14
_0COMPRA
_o.STAFF. Colección General Juliaca
999 _a869.508 V18 2006
_wDEWEY
_c3
_iFJ08919
_d2019-5-7
_e2018-11-9
_f2022-2-2
_g3
_lCCODEBUJ1
_mBUJ
_n1
_p10.00
_q2
_r0
_sY
_tBOOK
_u2017-10-11
_xEDUCACION
_PP14
_0COMPRA
_o.STAFF. Colección General Juliaca
999 _a869.508 V18 2006
_wDEWEY
_c4
_iFJ12236
_f2022-2-2
_g2
_lCCODEBUJ1
_mBUJ
_p12.00
_r0
_sY
_tBOOK
_u2019-1-9
_xEDUCACION
_PP14
_0COMPRA
_o.STAFF. Colección General Juliaca
980 _81
_gALBERTO SANCHEZ Responsable de Automatización